INTERNATIONAL BUSINESS ENVIRONMENT (Record no. 8882)
[ view plain ]
| 000 -LEADER | |
|---|---|
| fixed length control field | 00774nam a22001697a 4500 |
| 003 - CONTROL NUMBER IDENTIFIER | |
| control field | SGT |
| 020 ## - INTERNATIONAL STANDARD BOOK NUMBER | |
| International Standard Book Number | 9789352028795 |
| 082 ## - DEWEY DECIMAL CLASSIFICATION NUMBER | |
| Classification number | 338.88,CHE |
| 100 ## - MAIN ENTRY--PERSONAL NAME | |
| Personal name | CHERUNILAM,FRANCIS |
| 245 ## - TITLE STATEMENT | |
| Title | INTERNATIONAL BUSINESS ENVIRONMENT |
| 250 ## - EDITION STATEMENT | |
| Edition statement | 7TH |
| 260 ## - PUBLICATION, DISTRIBUTION, ETC. (IMPRINT) | |
| Place of publication, distribution, etc | NEW DELHI |
| Name of publisher, distributor, etc | HIMALAYA PUBLISHING HOUSE |
| Year of Publication | 2015 |
| 300 ## - PAGE DESCRIPTION | |
| No. of Pages | 494 |
| 650 ## - SUBJECT ADDED ENTRY--TOPICAL TERM | |
| Topical term or geographic name as entry element | PRODUCTION |
| 653 ## - KEYWORDS--INDEX TERM | |
| Keyword term | INTERNATIONAL BUSINESS AND ITS ENVIRONMENT INTERNATIONAL ECONOMIC COOPERATION AND AGREEMENTS INTERNATIONAL ECONOMIC INSTITUTIONS INTERNATIONAL TRADE AND INVESTMENT THEORIES INTERNATIONAL TRADE AND PAYMENTS INTERNATIONAL INVESTMENT MULTINATIONAL CORPORATIONS GLOBAL COMPETITIVENESS INTERNATIONAL OPERATIONS MANAGEMENT INTERNATIONAL MONETARY SYSTEM AND FOREIGN EXCHANGE MARKET GLOBALISATION |
| 942 ## - ADDED ENTRY ELEMENTS (KOHA) | |
| Source of classification or shelving scheme | Dewey Decimal Classification |
| Koha item type | FCM Books |
| 942 ## - ADDED ENTRY ELEMENTS (KOHA) | |
| -- | 3 |
| Withdrawn status | Lost status | Source of classification or shelving scheme | Damaged status | Not for loan | Collection code | Home library | Current library | Shelving location | Date acquired | Vendor Name | Cost, normal purchase price | SGTU | Bill Number | Total Checkouts | Full call number | Accession No. (Barcode) | Date last seen | Date last borrowed | Bill Date | Koha item type |
|---|---|---|---|---|---|---|---|---|---|---|---|---|---|---|---|---|---|---|---|---|
| Dewey Decimal Classification | COMMERCE MANAGEMENT | SGT Science & Social Sciences Library | SGT Science & Social Sciences Library | On Display | 01/06/2016 | KIRTI PRAKASHAN | 465.00 | SGTU | 8150 | 14 | 338.88,CHE | CM1187 | 22/06/2022 | 06/05/2022 | 19/10/2015 | FCM Books | ||||
| Dewey Decimal Classification | Not For Loan | COMMERCE MANAGEMENT | SGT Science & Social Sciences Library | SGT Science & Social Sciences Library | Reference Book | 01/06/2016 | KIRTI PRAKASHAN | 465.00 | SGTU | 8150 | 338.88,CHE | CM1188 | 01/06/2016 | 19/10/2015 | FCM Books | |||||
| Dewey Decimal Classification | COMMERCE MANAGEMENT | SGT Science & Social Sciences Library | SGT Science & Social Sciences Library | Text Book | 12/07/2016 | KIRTI PRAKASHAN | 465.00 | SGTU | 2705 | 18 | 338.88,CHE | CM767 | 12/06/2023 | 10/06/2023 | 14/08/2015 | FCM Books |